Берия (Запись № 599815)

Подробности
000 -МАРКЕР
контрольное поле 01413nam0a2200373 4500
001 - ИДЕНТИФИКАТОР ЗАПИСИ
контрольное поле RU\NLR\bibl\108250
005 - ИДЕНТИФИКАТОР ВЕРСИИ
контрольное поле 20260406163929.0
010 ## - МЕЖДУНАРОДНЫЙ СТАНДАРТНЫЙ НОМЕР КНИГИ (ISBN)
Номер (ISBN) 5-237-03178-1
Тираж 8000
021 ## - НОМЕР ГОСУДАРСТВЕННОЙ РЕГИСТРАЦИИ
Код страны Российская Федерация
Номер 2000-17313
Номер Листа государственной регистраци 827
035 ## - ДРУГИЕ СИСТЕМНЫЕ НОМЕРА
Идентификатор записи (NLR Aleph) 000105951
100 ## - ДАННЫЕ ОБЩЕЙ ОБРАБОТКИ
Данные общей обработки 20000914d1999 |||y0rusy50 ca
101 0# - ЯЗЫК РЕСУРСА
Язык текста, звукозаписи и т.д. русский
102 ## - СТРАНА ПУБЛИКАЦИИ ИЛИ ПРОИЗВОДСТВА
Страна публикации Российская Федерация
105 ## - ПОЛЕ КОДИРОВАННЫХ ДАННЫХ: ТЕКСТОВЫЕ МАТЕРИАЛЫ, МОНОГРАФИЧЕСКИЕ
Кодированные данные о монографическом текстовом документе a |||||||||
200 1# - ЗАГЛАВИЕ И СВЕДЕНИЯ ОБ ОТВЕТСТВЕННОСТИ
Основное заглавие Берия
Первые сведения об ответственности Антон Антонов-Овсеенко
210 ## - ПУБЛИКАЦИЯ, РАСПРОСТРАНЕНИЕ И ДР.
Место издания, распространения и т.д. М.
Имя издателя, распространителя и т. д. АСТ
Дата издания, распространения и т.д. 1999
215 ## - ФИЗИЧЕСКАЯ ХАРАКТЕРИСТИКА
Специфическое обозначение материала и объем 469,[4] с., [16] л. ил., портр.
Размеры 22
225 1# - СЕРИЯ
Основное заглавие серии Всемирная история в лицах
320 ## - ПРИМЕЧАНИЯ О НАЛИЧИИ В ДОКУМЕНТЕ БИБЛИОГРАФИИ / УКАЗАТЕЛЯ
Текст примечания Библиогр.: с. 456-469
600 #1 - ИМЯ ЛИЦА КАК ПРЕДМЕТ
Начальный элемент ввода Берия
Часть имени, кроме начального элемента ввода Л. П.
Даты 1899 - 1953
Расширение инициалов личного имени Лаврентий Павлович
Формальный подзаголовок Воспоминания, записки и т.п.
Системный номер авторитетной/нормативной записи 2154913
Идентификатор авторитетной/нормативной записи RU\NLR\auth\661297382
686 ## - ИНДЕКСЫ ДРУГИХ КЛАССИФИКАЦИЙ
Индекс Ф61(2)8
686 ## - ИНДЕКСЫ ДРУГИХ КЛАССИФИКАЦИЙ
Индекс Т3(2)7-8
686 ## - ИНДЕКСЫ ДРУГИХ КЛАССИФИКАЦИЙ
Индекс Ц68,6(2)-243дБерия,013
700 #1 - ИМЯ ЛИЦА - ПЕРВИЧНАЯ ОТВЕТСТВЕННОСТЬ
Код отношения Автор
Графика поля Кириллица
Материалы, к которым относится поле rus
Начальный элемент ввода Антонов-Овсеенко
Часть имени, кроме начального элемента ввода А. В.
Даты 1920-2013
Расширение инициалов личного имени Антон Владимирович
Системный номер авторитетной/нормативной записи 120178
Идентификатор авторитетной/нормативной записи RU\NLR\AUTH\7710401
702 #1 - ИМЯ ЛИЦА - ВТОРИЧНАЯ ОТВЕТСТВЕННОСТЬ
Код отношения Прочие
Графика поля Кириллица
Материалы, к которым относится поле rus
Начальный элемент ввода Берия
Часть имени, кроме начального элемента ввода Л. П.
Даты 1899-1953
Расширение инициалов личного имени Лаврентий Павлович
Системный номер авторитетной/нормативной записи 120179
Идентификатор авторитетной/нормативной записи RU\NLR\auth\7710402
801 #0 - ИСТОЧНИК ЗАПИСИ
Страна Российская Федерация
Организация NLR
Дата составления 20000914
Правила каталогизации PSBO
801 #1 - ИСТОЧНИК ЗАПИСИ
Страна Российская Федерация
Организация NLR
Дата составления 20000914
830 ## - ОБЩЕЕ ПРИМЕЧАНИЕ, СОСТАВЛЕННОЕ КАТАЛОГИЗАТОРОМ
Текст примечания Авт. по кн.
852 ## - МЕСТОНАХОЖДЕНИЕ И ШИФР ХРАНЕНИЯ
Идентификатор организации NLR
Шифр хранения (Call Number) 2000-5/2407
942 ## - ДОПОЛНИТЕЛЬНЫЕ ЭЛЕМЕНТЫ ЗАПИСИ (АБИС)
Тип экземпляра АБИС Книга
980 ## - КОЛЛЕКЦИЯ
Название коллекции Национальная библиография
Экземпляры
Тип экземпляра Дата поступления Источник поступления Стоимость Библиотека постоянного хранения Библиотека текущего хранения Место хранения Шифр хранения Штрих-код Статус экземпляра
Книга 20.12.2004 Подсобные фонды РНБ 66.50 РНБ (Московский) РНБ (Московский) Фонд общего зала социально-экономической литературы С1 Ф61(2)8/А-724 814857  
Книга 14.09.2000 Обязательный экземпляр   РНБ (Московский) РНБ (Московский) Русский книжный фонд: издания с 1957 года 2000-5/2407 65366  
Книга 14.09.2000 Обязательный экземпляр   РНБ (Московский) РНБ (Московский) Русский книжный фонд: издания с 1957 года 2000-5/2407 65368  
Книга 07.12.2004 Подсобные фонды РНБ 66.50 РНБ (Садовая) РНБ (Садовая) Фонд научного зала социально-экономической литературы С2 Ф61(2)8/А-724 1-252456  
Книга 12.09.2004 Покупка 66.50 РНБ (Фонтанка) РНБ (Фонтанка) Юношеский читальный зал Ю Ф61(2)8Берия/А-72 1-225190